Public administration in Nigeria : a developmental approach /

Saved in:
Bibliographic Details
Main Author: Obikeze, Obiajulu Sunday.
Other Authors: Obi, Emeka Anthony.
Format: Book
Language:English
Published: Onitsha : Bookpoint, 2004.
Subjects:
Tags: Add Tag
No Tags, Be the first to tag this record!
LEADER 00858cam a22002774a 4500
001 009585669-2
005 20050712153114.0
008 040930s2004 nr a b 001 0 eng c
020 |a 3683651466 
024 3 |a 9783683651469 
035 0 |a ocm56972340 
040 |a CSt  |c STF  |d NYP 
042 |a pcc 
043 |a f-nr--- 
050 4 |a JQ3090  |b .O25 2004 
100 1 |a Obikeze, Obiajulu Sunday. 
245 1 0 |a Public administration in Nigeria :  |b a developmental approach /  |c Obiajulu Sunday Obikeze, Obi Emeka Anthony. 
260 |a Onitsha :  |b Bookpoint,  |c 2004. 
300 |a ix, 312 p. :  |b ill. ;  |c 24 cm. 
504 |a Includes bibliographical references (p. 310-312) and index. 
650 0 |a Public administration  |z Nigeria. 
651 0 |a Nigeria  |x Politics and government. 
700 1 |a Obi, Emeka Anthony. 
988 |a 20050322 
049 |a HLSS 
906 |0 OCLC